000 00331nam a2200133 i 4500
001 bg
245 0 _aChimija belka.
_nC. 2,
_pIzbrannye razdely castnoj chimii belka.
260 _aLeningrad,
_c1971.
040 _cBPK
041 _apol
080 _a547.96:612.396/.398
942 _cKS
008 s pl f |000 0 pol
999 _c14099
_d14099
856 _uhttp://koha.tu.koszalin.pl/cgi-bin/koha/opac-detail.pl?biblionumber=14099
_yKatalog online BPK